Poemas sin nombre / (Record no. 94365)

MARC details
000 -LEADER
campo de control de longitud fija 00526nam a2200157 i 4500
001 - NÚMERO DE CONTROL
campo de control 94365
003 - IDENTIFICADOR DE NÚMERO DE CONTROL
campo de control ES-MaACL
007 - CAMPO FIJO DE DESCRIPCIÓN FÍSICA--INFORMACIÓN GENERAL
campo de control de longitud fija t|
008 - DATOS DE LONGITUD FIJA--INFORMACIÓN GENERAL
campo de control de longitud fija 050428s1953 sp ||||1| spa d
100 1# - ENTRADA PRINCIPAL--NOMBRE DE PERSONA
Nombre de persona Lorente Martínez-Pontremuli, Rafael.
9 (RLIN) 74117
245 10 - MENCIÓN DEL TÍTULO
Título Poemas sin nombre /
Mención de responsabilidad, etc. Rafael Lorente Martinez-Pontrémuli; dibujos de María del Carmen García-Mauriño.
260 ## - PUBLICACIÓN, DISTRIBUCIÓN, ETC.
Lugar de publicación, distribución, etc. Madrid :
Nombre del editor, distribuidor, etc. Estades,
Fecha de publicación, distribución, etc. 1953.
300 ## - DESCRIPCIÓN FÍSICA
Extensión 124 p. ;
Dimensiones 26 cm.
700 1# - ENTRADA AGREGADA--NOMBRE PERSONAL
Nombre de persona García-Mauriño, María del Carmen.
9 (RLIN) 54927
852 ## - LOCALIZACIÓN
Ubicación ES-MaACL
Número de control de estantería C-5979
Sublocalización o colección R.35247
Holdings
Estatus retirado Estado de pérdida Estado de daño No para préstamo Biblioteca de origen Biblioteca actual Ubicación en estantería Fecha de adquisición Fuente de adquisición Total de préstamos Signatura topográfica completa Código de barras Visto por última vez Precio de reemplazo Tipo de ítem Koha
        Biblioteca del Ateneo de Madrid Biblioteca del Ateneo de Madrid Sala Palomar 17/01/2008     C-5979 1098557 23/02/2023 23/02/2023 Libro impreso